LIBRARY & INFORMATION CENTRE, KCAET, TAVANUR

ONLINE PUBLIC ACCESS CATALOGUE (OPAC)

Nutrition Science (Record no. 13883)

MARC details
000 -LEADER
fixed length control field 00325nam a22001337a 4500
020 ## - INTERNATIONAL STANDARD BOOK NUMBER
ISBN 9788122432237
082 ## - DEWEY DECIMAL CLASSIFICATION NUMBER
Classification number 664
Item number SRI/NU
100 ## - MAIN ENTRY--AUTHOR NAME
Personal name Srilakshmi,B.
245 ## - TITLE STATEMENT
Title Nutrition Science
250 ## - EDITION STATEMENT
Edition statement 4th rev
260 ## - PUBLICATION, DISTRIBUTION, ETC. (IMPRINT)
Place of publication New Delhi
Name of publisher New Age International (P) Limited, Publishers
Year of publication 2012
300 ## - PHYSICAL DESCRIPTION
Number of Pages 490p
942 ## - ADDED ENTRY ELEMENTS (KOHA)
Koha item type Books
Holdings
Withdrawn status Lost status Damaged status Collection code Home library Current library Shelving location Date acquired Cost, normal purchase price Full call number Accession Number Koha item type Source of acquisition
      Non-fiction KAUAET KAUAET General Stacks 06/02/2013 295.00 664 SRI/NU 23640 Books  
      Non-fiction KAUAET KAUAET General Stacks 06/02/2013 295.00 664 SRI/NU 23641 Books  
      Non-fiction KAUAET KAUAET General Stacks 06/02/2013 295.00 664 SRI/NU 23642 Books  
      Non-fiction KAUAET KAUAET Scheme 13/03/2013 295.00 664 SRI/NU BB 229 Book Bank scheme for SC students Calicut Book Distributors
      Non-fiction KAUAET KAUAET Scheme 13/03/2013 295.00 664 SRI/NU BB 230 Book Bank scheme for SC students Calicut Book Distributors
      Non-fiction KAUAET KAUAET General Stacks 30/03/2013 295.00 664 SRI/NU 23779 Books Minerva Books
        KAUAET KAUAET General Stacks 17/06/2016 295.00 664 SRI/NU 24649 Books Aman Book Stall Calicut
free website counter